Southville International School and Colleges
Your cart is empty.
  • Cart
  • Lists
    Public lists Eva Luna New books Lux_list list_1
    Your lists Log in to create your own lists
  • Log in to your account
  • Your cookies
  • Search history
Southville International School and Colleges
  • Advanced search
  • Recent comments
  • Most popular
  • Libraries

Log in to your account

Log in with GOOGLE


If you do not have an external account, but do have a local account, you can still log in:

  1. Home
  2. MARC view: Crispin, the cross of lead
Normal view MARC view ISBD view

Crispin, the cross of lead (Record no. 7762)

[ view plain ]
MARC details
000 -LEADER
fixed length control field 00695nam a22002537a 4500
003 - CONTROL NUMBER IDENTIFIER
control field OSt
005 - DATE AND TIME OF LATEST TRANSACTION
control field 20140310181945.0
008 - FIXED-LENGTH DATA ELEMENTS--GENERAL INFORMATION
fixed length control field 121112t xxu||||| |||| 00| 0 eng d
020 ## - INTERNATIONAL STANDARD BOOK NUMBER
International Standard Book Number 0439574684
050 ## - LIBRARY OF CONGRESS CALL NUMBER
Classification number PZ 7
Item number .Av957 2002
082 ## - DEWEY DECIMAL CLASSIFICATION NUMBER
Classification number KF Av5c
Item number 2002
100 ## - MAIN ENTRY--PERSONAL NAME
Personal name Avi
9 (RLIN) 3840
245 ## - TITLE STATEMENT
Title Crispin, the cross of lead
Statement of responsibility, etc by Avi
260 ## - PUBLICATION, DISTRIBUTION, ETC. (IMPRINT)
Place of publication, distribution, etc New York
Name of publisher, distributor, etc Scholastic Inc
Date of publication, distribution, etc 2002
300 ## - PHYSICAL DESCRIPTION
Extent 262 p. ;
Dimensions 19 cm.
541 ## - IMMEDIATE SOURCE OF ACQUISITION NOTE
-- 1
541 ## - IMMEDIATE SOURCE OF ACQUISITION NOTE
-- 2
562 ## - COPY AND VERSION IDENTIFICATION NOTE
Number of copies 2
650 ## - SUBJECT ADDED ENTRY--TOPICAL TERM
Topical term or geographic name as entry element Identity--Fiction.
9 (RLIN) 3841
650 ## - SUBJECT ADDED ENTRY--TOPICAL TERM
Topical term or geographic name as entry element Orphans--Fiction
650 ## - SUBJECT ADDED ENTRY--TOPICAL TERM
Topical term or geographic name as entry element Middle Ages--Fiction
9 (RLIN) 3842
650 ## - SUBJECT ADDED ENTRY--TOPICAL TERM
Topical term or geographic name as entry element Great Britain--History--Edward III, 1327-1377--Fiction.
9 (RLIN) 3843
942 ## - ADDED ENTRY ELEMENTS (KOHA)
Source of classification or shelving scheme Library of Congress Classification
Koha item type
Call number prefix
Holdings
Withdrawn status Lost status Source of classification or shelving scheme Damaged status Home library Current library Shelving location Date acquired Total Checkouts Full call number Barcode Date last seen Copy number Price effective from Koha item type
    Library of Congress Classification   Luxembourg Library Luxembourg Library Kids Fiction Section 07/25/2013   PZ 7 .Av957 2002 16959 08/13/2013 1 07/25/2013 Books
    Library of Congress Classification   Luxembourg Library Luxembourg Library Kids Fiction Section 07/25/2013   PZ 7 .Av957 2002 14062 08/13/2013 2 07/25/2013 Books

Crispin, the cross of lead

APA

Avi, . (2002). Crispin, the cross of lead. New York: Scholastic Inc.

Chicago

Avi, . 2002. Crispin, the cross of lead. New York: Scholastic Inc.

Harvard

Avi, . (2002). Crispin, the cross of lead. New York: Scholastic Inc.

MLA

Avi, . Crispin, the cross of lead. New York: Scholastic Inc. 2002.

  • Place hold
  • Print
  • Cite
  • Add to your cart (remove)
  • Save record
    BIBTEX Dublin Core MARCXML MARC (non-Unicode/MARC-8) MARC (Unicode/UTF-8) MARC (Unicode/UTF-8, Standard) MODS (XML) RIS
  • More searches
    Search for this title in:
    Other Libraries (WorldCat) Other Databases (Google Scholar) Online Stores (Bookfinder.com) Open Library (openlibrary.org)

Exporting to Dublin Core...

SOUTHVILLE LIBRARY

Southville International School and Colleges Library

1281 Tropical Ave. Cor. Luxembourg St., BF Homes International, Las Pinas City

Tel. No. 8256374 / 252358 Loc. 117/146

Powered by Koha